Microbiología médica.

Сохранить в:
Библиографические подробности
Главный автор: Murray, Patrick R. (autor)
Другие авторы: Rosenthal, Ken S (autor), Pfaller, Michael A (autor)
Формат: Неизвестно
Опубликовано: Barcelona, España: Elsevier, 2021.
Редактирование:Novena edición.
Предметы:
Метки: Добавить метку
Нет меток, Требуется 1-ая метка записи!

MARC

LEADER 00000 a2200000 4500
003 CL-VaPUC
005 20231108142830.0
008 221201t2021 ||||| |||| 00| 0 eng d
020 |a 9788491138082 
040 |c Pontificia Universidad Católica de Valparaíso 
082 7 |a 616.01 MUR 2021  |2 22 
100 |a Murray, Patrick R.  |9 597468  |e autor 
245 |a Microbiología médica. 
250 |a Novena edición. 
260 |a Barcelona, España:  |b Elsevier,  |c 2021. 
300 |a 854 páginas.  
500 |a Incluye versión digital en inglés.  
583 |k GC  |c 20221201 
650 0 |a Microbiología médica  |9 326614 
650 |a Microbiología molecular   |9 358383 
700 |a Rosenthal, Ken S  |9 584289  |e autor 
700 |a Pfaller, Michael A  |9 584290  |e autor 
942 |2 ddc  |c BK 
999 |c 439230  |d 439228 
952 |0 0  |1 0  |2 ddc  |4 0  |6 616_010000000000000_MUR_2021  |7 0  |8 A  |9 588081  |a BIBCUR  |b BIBCUR  |c GEN  |d 2022-12-01  |e 3  |g 74298.00  |i 5655909  |l 9  |m 1  |o 616.01 MUR 2021  |p 5655909  |r 2025-04-22  |s 2024-08-28  |t 4  |v 74298.00  |w 2022-12-01  |y BK  |k TEM 
952 |0 0  |1 0  |2 ddc  |4 0  |6 616_010000000000000_MUR_2021  |7 0  |8 A  |9 588082  |a BIBCUR  |b BIBCUR  |c GEN  |d 2022-12-01  |e 3  |g 74298.00  |i 5655908  |l 7  |m 3  |o 616.01 MUR 2021  |p 5655908  |r 2025-04-22  |s 2024-04-05  |t 3  |v 74298.00  |w 2022-12-01  |y BK  |k TEM 
952 |0 0  |1 0  |2 ddc  |4 0  |6 616_010000000000000_MUR_2021  |7 0  |8 A  |9 588083  |a BIBCUR  |b BIBCUR  |c GEN  |d 2022-12-01  |e 3  |g 74298.00  |i 5655906  |l 11  |m 9  |o 616.01 MUR 2021  |p 5655906  |r 2025-04-22  |s 2025-03-20  |t 1  |v 74298.00  |w 2022-12-01  |y BK  |k TEM 
952 |0 0  |1 0  |2 ddc  |4 0  |6 616_010000000000000_MUR_2021  |7 0  |8 A  |9 588084  |a BIBCUR  |b BIBCUR  |c GEN  |d 2022-12-01  |e 3  |g 74298.00  |i 5655907  |l 9  |m 5  |o 616.01 MUR 2021  |p 5655907  |r 2025-04-22  |s 2024-04-24  |t 2  |v 74298.00  |w 2022-12-01  |y BK  |k TEM 
952 |0 0  |1 0  |2 ddc  |4 0  |6 616_010000000000000_MUR_2021  |7 0  |8 A  |9 592323  |a BIBCUR  |b BIBCUR  |c GEN  |d 2023-11-08  |e 13  |g 78227.00  |i 5659349  |l 6  |o 616.01 MUR 2021  |p 5659349  |r 2025-04-22  |s 2024-09-02  |t 6  |v 78227.00  |w 2023-11-08  |y BK  |k BIO 
952 |0 0  |1 0  |2 ddc  |4 0  |6 616_010000000000000_MUR_2021  |7 0  |8 A  |9 592324  |a BIBCUR  |b BIBCUR  |c GEN  |d 2023-11-08  |e 13  |g 78227.00  |i 5659348  |l 3  |m 5  |o 616.01 MUR 2021  |p 5659348  |r 2025-04-22  |s 2024-03-18  |t 5  |v 78227.00  |w 2023-11-08  |y BK  |k BIO